Central Library OPAC University of Rajshahi

America inside out / (Record no. 1067)

MARC details
000 -LEADER
fixed length control field 00855pam a2200277 a 4500
001 - CONTROL NUMBER
control field 1067
003 - CONTROL NUMBER IDENTIFIER
rucl marc code BD-RjUL
005 - DATE AND TIME OF LATEST TRANSACTION
control field 20211208233254.0
008 - FIXED-LENGTH DATA ELEMENTS--GENERAL INFORMATION
fixed length control field 131124s1984 nyuaf 001 0aeng
020 ## - INTERNATIONAL STANDARD BOOK NUMBER
International Standard Book Number 0070554730
035 ## - SYSTEM CONTROL NUMBER
System control number (BD-RjUL)1089
040 ## - CATALOGING SOURCE
Original cataloging agency DLC
Transcribing agency DLC
Modifying agency DLC
-- BD-RjUL
Language of cataloging eng
041 ## - LANGUAGE CODE
Language code of text/sound track or separate title eng
082 00 - DEWEY DECIMAL CLASSIFICATION NUMBER
Classification number 070.922
Edition number 19
Author mark and year SCA 1984
100 1# - MAIN ENTRY--PERSONAL NAME
Personal name Schoenbrun, David.
9 (RLIN) 3149
245 10 - TITLE STATEMENT
Title America inside out /
Statement of responsibility, etc. David Schoenbrun.
260 ## - PUBLICATION, DISTRIBUTION, ETC. (IMPRINT)
Place of publication, distribution, etc. New York :
Name of publisher, distributor, etc. McGraw-Hill ,
Date of publication, distribution, etc. c1984.
300 ## - PHYSICAL DESCRIPTION
Pagination viii, 485 p. :
Illustrations ill., plates ;
Size 23 cm.
504 ## - BIBLIOGRAPHY, ETC. NOTE
Bibliography, etc Includes index.
600 10 - SUBJECT ADDED ENTRY--PERSONAL NAME
Personal name Schoenbrun, David.
650 #0 - SUBJECT ADDED ENTRY--TOPICAL TERM
Topical term or geographic name as entry element Journalists
Geographic subdivision United States
General subdivision Biography.
9 (RLIN) 3151
856 ## - ELECTRONIC LOCATION AND ACCESS
Uniform Resource Identifier <a href="http://www.worldcat.org/title/america-inside-out/oclc/10457750&referer=brief_results">http://www.worldcat.org/title/america-inside-out/oclc/10457750&referer=brief_results</a>
942 ## - ADDED ENTRY ELEMENTS (KOHA)
Source of classification or shelving scheme Dewey Decimal Classification
Koha item type Books
Holdings
Lost status Source of classification or shelving scheme Damaged status Not for loan Collection code Permanent Location Current Location Shelving location Date acquired Total Checkouts Full call number Date last seen Copy number Koha item type
  Dewey Decimal Classification   Not For Loan Non-fiction Central Library, University of Rajshahi Central Library, University of Rajshahi Reading Room 19/06/1994   070.922 SCA 1984 24/11/2013 C-1 Books